000 00570nam a2200181 a 4500
001 000020499
005 20200930011123.0
008 100322s2004 cu 000 0 spa d
020 _a9592588147
040 _aDO-SdBNP
_bspa
_cBNPHU
082 _axxxx
_bxxx
245 0 0 _aBúsqueda y recuperación de la información : /
_ccompiladora Natalia Sokol.
260 _aLa Habana, Cuba :
_bFéliz Varela,
_c2004.
300 _a166 p. : ;
_c24 cm.
490 0 _aSelección de lecturas
700 1 _aSokol, Natalia
_ecompiladora
_943202
830 0 _aSelección de lecturas
_943201
999 _c20003
_d20003